00511nam a2200193 a 4500001001300000003000900013005001700022008004100039020001000080082001500090100001400105245006900119260004200188300000900230500003500239505001000274650001900284700001400303nice12345678IN_TiNIC20260116011528.0050524s1962 newa grp 000 0 eng  ac10000a940.1bDAW aDawson, C aMaking of Europeb Introduction to the History of European Unity aNew YorkbWorld Publishing Co.,c1962 a274p aincludes index and biblioraphy2 aIndex aEurope-History1 aDawson, C